000 01791nam a2200265 a 4500
001 78203
003 BD-RjUL
005 20211209083113.0
008 210413s2015 bg a|||| m||| 00| 0 ben d
035 _a(BD-RjUL)78429
040 _aBD-RjUL
_bben / eng
_cBD-RjUL
_dBD-RjUL
041 _aben
082 _a398.0954924
_bMAB 2015
_223
100 _aমাসাদুজ্জামান, মো.
_9246967
245 _aবৃহত্তর রাজশাহী জেলার লোকশিল্প = Folk Art of the Greater Rajshahi District :
_bএকটি আর্থ-সামাজিক সমীক্ষা = An Eco-Sociological Investigation /
_cমো. মাসাদুজ্জামান
_6তত্ত্বাবধায়ক : সাইফুদ্দীন চৌধুরী
246 _aFolk Art of the Greater Rajshahi District:
_bAn Eco-Sociological Investigation
260 _aরাজশাহী :
_bফোকলোর বিভাগ, রাজশাহী বিশ্ববিদ্যালয়,
_c২০১৫
300 _aviii, ২৫৭ পাতা :
_bচিত্র ;
_c৩০ সেমি.
502 _aথিসিস (পিএইচ. ডি.) -- ফোকলোর বিভাগ, রাজশাহী বিশ্ববিদ্যালয়, ২০১৫
504 _aসহায়ক গ্রন্থসমূহ : পাতা [২১৩] - ২২২
650 _aলোকশিল্প
_xইতিহাস
_9246968
_zবাংলাদেশ
_zবৃহত্তর রাজশাহী জেলা
650 _aFolk Art
_xHistory
_zBangladesh
_zGreater Rajshahi District
_9246969
700 _aচৌধুরী, সাইফুদ্দীন, তত্ত্বাবধায়ক
_9246971
942 _2ddc
_cTHE
999 _c78203
_d78203